Aktuálne problémy hmotnej zainteresovanosti vnútropodnikových organizačných jednotiek JRD a ŠM Vnútropodniková regulácia miezd. Záverečná správa za časovú etapu ŠPEV 903 529 305-01/12

Guardado en:
Detalles Bibliográficos
Autor principal: Stanovič, Vladimír
Formato: Libro
Lenguaje:eslovaco
Publicado: Bratislava Výskumný ústav ekonomiky poľnohospodárstva a potravinárstva 1985
Edición:1. vyd.
Materias:
Etiquetas: Agregar Etiqueta
Sin Etiquetas, Sea el primero en etiquetar este registro!

MARC

LEADER 00000nam a2200000 4500
001 c041908
005 20221220075024.8
041 0 |a slo 
044 |a SK 
245 1 0 |a Aktuálne problémy hmotnej zainteresovanosti vnútropodnikových organizačných jednotiek JRD a ŠM  |b Vnútropodniková regulácia miezd. Záverečná správa za časovú etapu ŠPEV 903 529 305-01/12  |c Vladimír Stanovič 
250 |a 1. vyd. 
264 1 |a Bratislava  |b Výskumný ústav ekonomiky poľnohospodárstva a potravinárstva  |c 1985 
300 |a 43 s. 
610 2 0 |a zainteresovanosť hmotná 
610 2 0 |a poľnohospodárstvo 
610 2 0 |a družstvá poľnohospodárske 
100 1 |a Stanovič, Vladimír